<?xml version="1.0" encoding="UTF-8"?><?xml-stylesheet type="text/xsl" href="static/style.xsl"?><OAI-PMH xmlns="http://www.openarchives.org/OAI/2.0/" xmlns:xsi="http://www.w3.org/2001/XMLSchema-instance" xsi:schemaLocation="http://www.openarchives.org/OAI/2.0/ http://www.openarchives.org/OAI/2.0/OAI-PMH.xsd"><responseDate>2026-04-17T05:17:19Z</responseDate><request verb="GetRecord" identifier="oai:www.recercat.cat:10256/22472" metadataPrefix="marc">https://recercat.cat/oai/request</request><GetRecord><record><header><identifier>oai:recercat.cat:10256/22472</identifier><datestamp>2024-06-18T12:07:47Z</datestamp><setSpec>com_2072_452955</setSpec><setSpec>com_2072_2054</setSpec><setSpec>col_2072_453062</setSpec></header><metadata><record xmlns="http://www.loc.gov/MARC21/slim" xmlns:dcterms="http://purl.org/dc/terms/" xmlns:xsi="http://www.w3.org/2001/XMLSchema-instance" xmlns:doc="http://www.lyncode.com/xoai" xsi:schemaLocation="http://www.loc.gov/MARC21/slim http://www.loc.gov/standards/marcxml/schema/MARC21slim.xsd">
   <leader>00925njm 22002777a 4500</leader>
   <datafield ind2=" " ind1=" " tag="042">
      <subfield code="a">dc</subfield>
   </datafield>
   <datafield ind2=" " ind1=" " tag="720">
      <subfield code="a">Najahi, Amira</subfield>
      <subfield code="e">author</subfield>
   </datafield>
   <datafield ind2=" " ind1=" " tag="720">
      <subfield code="a">Tarrés Farrés, Joaquim Agustí</subfield>
      <subfield code="e">author</subfield>
   </datafield>
   <datafield ind2=" " ind1=" " tag="720">
      <subfield code="a">Mutjé Pujol, Pere</subfield>
      <subfield code="e">author</subfield>
   </datafield>
   <datafield ind2=" " ind1=" " tag="720">
      <subfield code="a">Delgado Aguilar, Marc</subfield>
      <subfield code="e">author</subfield>
   </datafield>
   <datafield ind2=" " ind1=" " tag="720">
      <subfield code="a">Putaux, Jean-Luc</subfield>
      <subfield code="e">author</subfield>
   </datafield>
   <datafield ind2=" " ind1=" " tag="720">
      <subfield code="a">Boufi, Sami</subfield>
      <subfield code="e">author</subfield>
   </datafield>
   <datafield ind2=" " ind1=" " tag="260">
      <subfield code="c">2022-12-26</subfield>
   </datafield>
   <datafield ind2=" " ind1=" " tag="520">
      <subfield code="a">Lignin-containing cellulose nanofibrils (LCNFs) have emerged as a new class of nanocelluloses where the presence of residual lignin is expected to impart additional attributes such as hydrophobicity or UV-absorption. In the present work, LCNFs with a lignin content between 7 and 15 wt% were prepared via a TEMPO-mediated oxidation as chemical pretreatment followed by high-pressure homogenization. The impact of the carboxyl content (CC) on the properties of the resulting LCNF gel, in terms of lignin content, colloidal properties, morphology, crystallinity, and thermal stability, were investigated. It was found that lignin content was significantly decreased at increasing CC. In addition, CC had a positive effect on colloidal stability and water contact angle, as well as resulting in smaller fibrils. This lower size, together with the lower lignin content, resulted in a slightly lower thermal stability. The reinforcing potential of the LCNFs when incorporated into a ductile polymer matrix was also explored by preparing nanocomposite films with different LCNF contents that were mechanically tested under linear and non-linear regimes by dynamic mechanical analysis (DMA) and tensile tests. For comparison purposes, the reinforcing effect of the LCNFs with lignin-free CNFs was also reported based on literature data. It was found that lignin hinders the network-forming capacity of LCNFs, as literature data shows a higher reinforcing potential of lignin-free CNFs. Nonetheless, the tensile strength of the acrylic matrix was enhanced by 10-fold at 10 wt% of LCNF content</subfield>
   </datafield>
   <datafield ind2=" " ind1=" " tag="520">
      <subfield code="a">This research was funded by Erasmus Program Erasmus +KA107 and the Spanish Ministry of Science and Innovation, to the project CON-FUTURO-ES (PID2020-113850RB-C22)</subfield>
   </datafield>
   <datafield ind1="8" ind2=" " tag="024">
      <subfield code="a">http://hdl.handle.net/10256/22472</subfield>
   </datafield>
   <datafield tag="653" ind2=" " ind1=" ">
      <subfield code="a">Materials nanoestructurats</subfield>
   </datafield>
   <datafield tag="653" ind2=" " ind1=" ">
      <subfield code="a">Nanostructured materials</subfield>
   </datafield>
   <datafield tag="653" ind2=" " ind1=" ">
      <subfield code="a">Lignocel·lulosa</subfield>
   </datafield>
   <datafield tag="653" ind2=" " ind1=" ">
      <subfield code="a">Lignocellulose</subfield>
   </datafield>
   <datafield ind2="0" ind1="0" tag="245">
      <subfield code="a">Lignin-Containing Cellulose Nanofibrils from TEMPO-Mediated Oxidation of Date Palm Waste: Preparation, Characterization, and Reinforcing Potential</subfield>
   </datafield>
</record></metadata></record></GetRecord></OAI-PMH>